000 00390nam a2200145 i 4500
001 bg
100 1 _aWĘGROWICZ, L. A.
245 0 _aPodwójna antena V jako żródło pierwotne dla głębokich.
_nCz.2 /
_cL.A. Węgrowicz, J. Radzki.
260 _aWarszawa,
_c1980.
700 1 _aRADZKI, J.
040 _cBPK
041 _apol
942 _cKS
008 s pl f |000 0 pol
999 _c20861
_d20861
856 _uhttp://koha.tu.koszalin.pl/cgi-bin/koha/opac-detail.pl?biblionumber=20861
_yKatalog online BPK